| 000 | 00600nam a2200205 a 4500 | ||
|---|---|---|---|
| 001 | 000026363 | ||
| 005 | 20200930024529.0 | ||
| 008 | 110315s2010 dr 000 0 spa d | ||
| 020 | _a9789993478485 | ||
| 040 |
_aDO-SdBNP _bspa _cBNPHU |
||
| 082 |
_axxxx _bL318c, 2010 |
||
| 100 | 1 |
_aLara Mejía, José Antonio _953391 |
|
| 245 | 1 | 0 |
_aContabilidad práctica universitaria / _cJosé Antonio Lara Mejía. |
| 250 | _a2a ed. | ||
| 260 |
_aSanto Domingo : _bKagili, _c2010. |
||
| 300 |
_av. ; _c23 cm. |
||
| 500 | _aLa biblioteca posee el libro 1 | ||
| 504 | _aBibliografía : p. 229 | ||
| 049 | _aBNPD | ||
| 999 |
_c25855 _d25855 |
||